La preface de Cromwell (Запис номер 344818)
[ съкратено ]
| 000 -Лидер | |
|---|---|
| Контролно поле с фиксирана дължина | 01089nam a2200313 c 4500 |
| 003 - Код на организацията, давaща контролен номер | |
| Контролно поле | BLK |
| 005 - Дата и час на последна редакция | |
| Контролно поле | 20191008125203.0 |
| 008 - Елементи от данни с фиксирана дължина | |
| fixed length control field | 180911b bul|||||r ||||||| ||bul|| |
| 010 ## - Наследен системен номер | |
| LC control number | 004484 |
| 040 ## - Източник на каталожния запис | |
| Идентификатор на билиотеката - собственик на записа | BLK |
| 041 ## - Код за език | |
| Код за езика на текст/звукозапис или на отделно заглавие | Френски |
| Код за езика КДБФ | Български |
| 080 ## - УДК | |
| УДК - код + определител | 840.09 |
| 100 1# - Редна дума - Автор | |
| Автор | SOURIU, Maurice |
| Авторска отговорност | първи автор |
| R(LIN) | 399691 |
| 245 00 - Сведения за заглавието | |
| Заглавие | La preface de Cromwell |
| 246 ## - Различни форми на заглавието | |
| Паралелно заглавие | Introduction, texte et notes |
| 250 ## - Област на изданието | |
| Сведения за изданието | 6. ed |
| 260 ## - Област на издателските данни | |
| Място на издаване, разпространение и проч. | Paris |
| Име на издателя, разпространителя и проч. | Oudin et C-ie |
| Година на издаване | s.a |
| Печатница | Paris-Poitiers : Societe Franc. d`Impr.et de Libr. |
| 300 ## - Физическа характеристика | |
| Страници | 330 с |
| Размери/Мащаб | 17 см |
| 380 ## - Жанр | |
| Жанр | Литературознание |
| 490 ## - СЕРИИ (Колекции) | |
| Име на серия | Nouvelle bibl. litteraire |
| 490 ## - СЕРИИ (Колекции) | |
| Име на серия | Частна колекция - Академик Михаил Арнаудов |
| Бележки за серията | Дарение - Основен фонд |
| 500 ## - Общи забележки | |
| Забележка | Михаил Арнаудов: негови-книга. - Михаил Арнаудов: подпис. - Подчертавания в текста и бележки по полетата |
| 520 ## - Забележка за наличие на резюме, анотация и т.н | |
| Анотация, рецензия, сканиран текст | |
| 520 ## - Забележка за наличие на резюме, анотация и т.н | |
| Анотация, рецензия, сканиран текст | |
| 655 ## - Ключова дума – жанр/разновидност | |
| Данни за жанр/разновидност или ключова дума за фокус | Литературознание |
| 700 1# - Други автори (авторска отговорност) | |
| Лично име | Maurice Souriau |
| 9 (RLIN) | 399692 |
| 852 ## - Местоположение | |
| Форматна сигнатура | МА 3333 |
| 999 ## - СИСТЕМНИ КОНТРОЛНИ НОМЕРА | |
| Koha biblionumber | 344818 |
| Koha biblioitemnumber | 344818 |
| 942 ## - АРТИКУЛИ | |
| Вид на библиотечния материал | Книги |
| Скрит в OPAC | Не |
| Периодичен библиозапис | Да |
| 944 ## - СЪЗДАВАНЕ И РЕДАКЦИЯ на ЗАПИСА | |
| Създаване/Редакция | Създаване |
| Дата на регистрацията/редакция | 1994 |
| 999 ## - СИСТЕМНИ КОНТРОЛНИ НОМЕРА | |
| Koha biblioitemnumber | 344818 |
| Код за отписване | Код за изгубен артикул | Източник на класификационната схема | Код за повреда | Коз за рестрикции | Код за отдаване | Артикулен № | Име на библиотеката - собственик | Име на библиотеката, в която се намира в момента | Статус (Текущо местоположение) | Местоположение - отдел | Цена в лева | Номерация (Хронология) | Инвентарен номер | Систематично азбучна сигнатура | Баркод | Номер на екземпляра | Цена в евро | Служебен тип на артикула |
|---|---|---|---|---|---|---|---|---|---|---|---|---|---|---|---|---|---|---|
| Не е изгубен | Universal Decimal Classification | Не е повреден | без рестрикции | Специални фондове ( старопечатни, редки и ценни, фонд М. Арнаудов) | 745294 | Регионална библиотека "Любен Каравелов" Русе | Регионална библиотека "Любен Каравелов" Русе | Фонд "Михаил Арнаудов" | Фонд "Михаил Арнаудов" | 50.00 | 589381 | МА 3333 | 120000589381 | 1 | 25.56 | Книги |